|
|
|
|
| LEADER |
00000csb a2200000 a 4500 |
| 005 |
20230308202043.0 |
| 008 |
991050| ||||||||r|||||||||||spa|| |
| 022 |
|
|
|a 0212-0208
|
| 040 |
|
|
|b spa
|
| 041 |
1 |
|
|a spa
|
| 082 |
0 |
|
|a 330.5
|b C634p
|
| 100 |
1 |
|
|a Filgueira, Carlos
|9 182360
|
| 245 |
|
|
|a El Estado y las clases: tendencias en Argentina, Brasil y Uruguay
|c Carlos Filgueira
|h imp
|
| 264 |
|
|
|a Madrid
|b Instituto de Cooperación Iberoamericana
|c julio-diciembre 1984
|
| 300 |
|
|
|a páginas: 35-61
|
| 310 |
|
|
|a Semestral
|
| 362 |
|
|
|a no. 6 (julio-diciembre 1984)
|
| 650 |
1 |
|
|a Argentina
|9 1306
|
| 650 |
1 |
|
|a Brasil
|9 224
|
| 650 |
1 |
|
|a Uruguay
|9 8001
|
| 650 |
1 |
0 |
|a Demografía
|9 7203
|
| 650 |
1 |
|
|a Cambio social
|9 1169
|
| 650 |
1 |
|
|a Revista pensamiento iberoamericano
|9 182324
|
| 773 |
0 |
|
|0 86465
|9 86465
|a Filgueira, Carlos Comisión Económica para América Latina
|d Madrid Instituto de Cooperación Iberoamericana julio-diciembre 1984
|o 86465
|w 86465
|x 0212-0208
|t Pensamiento iberoamericano. Revista de Economía Política
|6 86465
|
| 710 |
2 |
|
|a Comisión Económica para América Latina y el Caribe.
|g CEPAL
|9 51003
|
| 852 |
|
|
|a UC-CDJBV
|c TERCER PISO (SECCION REVISTAS)
|f Donación
|k sara.alvarado
|l 1
|m General
|p 19910507
|q 800.00
|r 2
|b 0
|d CDRC
|e CDRC
|g 330.5 C634p TERCER PISO (SECCION REVISTAS)
|z 1991-10-50
|
| 942 |
|
|
|c SERA
|
| 999 |
|
|
|c 99789
|d 99789
|